[Event "Olympiad Women-44"]
[Site "Chennai"]
[Date "2022.08.01"]
[Round "4.2"]
[White "Ioannides Liu, Alice"]
[Black "Ampaire, Shakira"]
[Result "1/2-1/2"]
[WhiteElo "1292"]
[BlackElo "1666"]
[PlyCount "189"]
[EventDate "2022.07.29"]
[EventType "team-swiss"]
[EventRounds "11"]
[EventCountry "IND"]
[SourceTitle "CBM 210"]
[Source "ChessBase"]
[SourceDate "2022.10.31"]
[SourceVersion "1"]
[SourceVersionDate "2022.10.31"]
[SourceQuality "1"]
[WhiteTeam "Cyprus (W)"]
[BlackTeam "Uganda (W)"]
[WhiteTeamCountry "CYP"]
[BlackTeamCountry "UGA"]

1. e4 c5 2. c3 e5 3. Nf3 Nc6 4. d4 cxd4 5. cxd4 Bb4+ 6. Bd2 exd4 7. Bxb4 Nxb4 8. a3 Nc6 9. Bc4 Nf6 10. 0-0 0-0 11. Nxd4 Nxe4 12. Re1 d5 13. Nxc6 bxc6 14. Bd3 Bf5 15. Bxe4 Bxe4 16. Nc3 Bg6 17. b4 Qf6 18. Na4 Rfe8 19. Nc5 h6 20. h3 Re7 21. Rxe7 Qxe7 22. Qe1 Qd6 23. Qd2 a5 24. Nb7 Qf6 25. Rc1 axb4 26. axb4 Ra1 27. Na5 Rxc1+ 28. Qxc1 d4 29. Qd2 d3 30. Nb3 Qd6 31. Nc1 Kf8 32. Nb3 Qe5 33. Nc1 Qd5 34. Kf1 f6 35. Kg1 Be4 36. f3 Bf5 37. Kf1 h5 38. h4 Kf7 39. Kf2 Qd4+ 40. Kf1 Qxh4 41. Nxd3 Bxd3+ 42. Qxd3 Qxb4 43. Qd7+ Kg6 44. Qxc6 Qb1+ 45. Kf2 Qb2+ 46. Kf1 Qe5 47. Qc4 Kg5 48. Qa4 h4 49. Qg4+ Kh6 50. Qxh4+ Kg6 51. Qg4+ Qg5 52. Qe4+ f5 53. Qe8+ Kh7 54. Qe5 Kh6 55. Qh2+ Kg6 56. Qd6+ Kh5 57. Qh2+ Qh4 58. Qe5 Qc4+ 59. Kf2 Qh4+ 60. Kf1 Qg5 61. Qh2+ Kg6 62. Qd6+ Qf6 63. Qg3+ Kf7 64. Qc7+ Qe7 65. Qc4+ Qe6 66. Qf4 Kf6 67. Qd4+ Qe5 68. Qd8+ Kg6 69. Qb6+ Kh5 70. Qc6 f4 71. Qd7 Qa1+ 72. Kf2 Qb2+ 73. Kf1 Qc1+ 74. Ke2 Qe3+ 75. Kf1 Qe5 76. Qg4+ Kh6 77. Qh4+ Kg6 78. Qg4+ Kf6 79. Qd7 g5 80. Qc6+ Kf5 81. Qc2+ Kf6 82. Qc6+ Kg7 83. Qd7+ Kg6 84. Qd3+ Kh6 85. Qa3 Kh5 86. Qf8 Qb5+ 87. Kf2 Qb2+ 88. Kf1 Qc1+ 89. Ke2 Qe3+ 90. Kf1 Qd3+ 91. Kf2 Qd2+ 92. Kf1 Qd1+ 93. Kf2 Qc2+ 94. Kf1 Qb1+ 95. Kf2 1/2-1/2

[Event "CYP-ch (Women)"]
[Site "Larnaca"]
[Date "2022.04.01"]
[Round "5"]
[White "Ioannides Liu, Alice"]
[Black "Bouzana, Christina"]
[Result "1-0"]
[WhiteElo "1296"]
[BlackElo "1108"]
[PlyCount "67"]
[EventDate "2022.03.12"]
[EventType "tourn"]
[EventRounds "7"]
[EventCountry "CYP"]
[SourceTitle "EXT 2024"]
[Source "ChessBase"]
[SourceDate "2023.10.10"]
[SourceVersion "1"]
[SourceVersionDate "2023.10.10"]
[SourceQuality "1"]

1. e4 c6 2. d4 d5 3. Nc3 dxe4 4. Nxe4 Bf5 5. Ng3 Bg6 6. Nf3 h6 7. Ne5 Bh7 8. Bc4 e6 9. Qf3 Qf6 10. Qb3 Qe7 11. c3 Nf6 12. 0-0 Nfd7 13. Qxb7 Nb6 14. Qxe7+ Bxe7 15. Bb3 0-0 16. f4 Bf6 17. f5 Re8 18. Ng4 Bg5 19. Bxg5 hxg5 20. fxe6 fxe6 21. Ne5 N6d7 22. Nf7 g4 23. Ng5 Nf8 24. Rae1 Bd3 25. Rf4 Kh8 26. Rxg4 Bg6 27. Rh4+ Bh7 28. Nxh7 Nxh7 29. Bc2 g6 30. Bxg6 Re7 31. Nf5 Rd7 32. Rxe6 Kg8 33. Re8+ Nf8 34. Rh8+ 1-0

[Event "EU Small Countries ol 7th"]
[Site "Sliema"]
[Date "2021.12.04"]
[Round "9.2"]
[White "Berend, Fred"]
[Black "Ioannides Liu, Alice"]
[Result "1-0"]
[WhiteElo "2325"]
[BlackElo "1302"]
[PlyCount "77"]
[EventDate "2021.11.28"]
[EventType "team-tourn"]
[EventRounds "9"]
[EventCountry "MLT"]
[SourceTitle "EXT 2023"]
[Source "ChessBase"]
[SourceDate "2022.10.05"]
[SourceVersion "1"]
[SourceVersionDate "2022.10.05"]
[SourceQuality "1"]
[WhiteTeam "Luxembourg"]
[BlackTeam "ESNA Women"]
[WhiteTeamCountry "LUX"]
[BlackTeamCountry "NET"]

1. Nf3 d5 2. g3 g6 3. c4 c6 4. Bg2 Nf6 5. b3 Bg7 6. Bb2 0-0 7. 0-0 Re8 8. Qc2 Bf5 9. d3 dxc4 10. bxc4 Qc8 11. Re1 Bh3 12. Bh1 Nbd7 13. Nbd2 Qc7 14. Ng5 Be6 15. Nxe6 fxe6 16. Rab1 Rab8 17. Bc3 c5 18. Rb3 b6 19. Qb2 Rf8 20. Bf3 h5 21. h4 e5 22. Kg2 Bh6 23. Ne4 Nxe4 24. Bxe4 g5 25. Bd2 Bg7 26. hxg5 Qd6 27. Qc1 a6 28. Rh1 b5 29. Be3 Rfc8 30. Rxh5 bxc4 31. Qxc4+ e6 32. Bb7 Rc7 33. Bf3 Nb6 34. Qe4 Rbc8 35. Qg6 Nd5 36. Be4 Nxe3+ 37. fxe3 c4 38. Rh8+ Kxh8 39. Qh7# 1-0

[Event "EU Small Countries ol 7th"]
[Site "Sliema"]
[Date "2021.11.28"]
[Round "1.4"]
[White "Mooney, Graham"]
[Black "Ioannides Liu, Alice"]
[Result "1-0"]
[WhiteElo "1896"]
[BlackElo "1302"]
[PlyCount "67"]
[EventDate "2021.11.28"]
[EventType "team-tourn"]
[EventRounds "9"]
[EventCountry "MLT"]
[SourceTitle "CBM 205 Extra"]
[Source "ChessBase"]
[SourceDate "2022.01.31"]
[SourceVersion "1"]
[SourceVersionDate "2022.01.31"]
[SourceQuality "1"]
[WhiteTeam "Jersey"]
[BlackTeam "ESNA Women"]
[WhiteTeamCountry "GCI"]
[BlackTeamCountry "NET"]

1. e4 e5 2. Nf3 Nc6 3. Bb5 d6 4. 0-0 Bd7 5. c3 a6 6. Ba4 Nf6 7. Re1 Be7 8. d4 b5 9. Bc2 0-0 10. Nbd2 exd4 11. cxd4 Bg4 12. Nf1 Rc8 13. Be3 Nb4 14. Bb1 d5 15. e5 Bxf3 16. gxf3 Nd7 17. a3 Nc6 18. Qc2 g6 19. Qxc6 Nb6 20. b3 f5 21. f4 Qd7 22. Qxd7 Nxd7 23. Bd3 c5 24. dxc5 Nxc5 25. Bxc5 Bxc5 26. a4 Rb8 27. axb5 axb5 28. Ne3 Rfd8 29. Kg2 Bxe3 30. Rxe3 b4 31. Ra7 d4 32. Rh3 h5 33. Rg3 Rb6 34. Bxf5 1-0

[Event "Wch FIDE Online U16 Girls Europe qual"]
[Site "Tornelo INT"]
[Date "2020.12.08"]
[Round "3"]
[White "Ince, Safiye Oyku"]
[Black "Ioannides Liu, Alice"]
[Result "1-0"]
[WhiteElo "1995"]
[BlackElo "1475"]
[PlyCount "119"]
[EventDate "2020.12.07"]
[EventType "swiss (rapid)"]
[EventRounds "7"]
[EventCountry "ISS"]
[SourceTitle "EXT 2022"]
[Source "ChessBase"]
[SourceDate "2021.10.06"]
[SourceVersion "1"]
[SourceVersionDate "2021.10.06"]
[SourceQuality "1"]

1. e4 e5 2. Nc3 Nf6 3. g3 Nc6 4. Bg2 Bc5 5. Nge2 0-0 6. 0-0 d5 7. Nxd5 Nxd5 8. exd5 Ne7 9. c4 Bf5 10. d4 exd4 11. Nxd4 Bxd4 12. Qxd4 Qd7 13. Bg5 Nc8 14. Rfe1 Re8 15. Rxe8+ Qxe8 16. Qf4 Qd7 17. Qd4 c6 18. Rd1 cxd5 19. Bxd5 h6 20. Be3 Nb6 21. Bg2 Qxd4 22. Rxd4 Rb8 23. h3 Be6 24. b3 g5 25. a4 a5 26. Bd2 Nd7 27. Bxa5 b6 28. Bb4 Nc5 29. Bxc5 bxc5 30. Rd3 Bf5 31. Rc3 g4 32. hxg4 Bxg4 33. Bd5 Bd1 34. a5 Bxb3 35. a6 Ba4 36. a7 Rd8 37. a8Q Rxa8 38. Bxa8 Bd7 39. Kg2 Kg7 40. Bd5 f6 41. Re3 Kg6 42. Re7 Bf5 43. Rc7 h5 44. Rxc5 Kg5 45. Be4 Kh6 46. Bxf5 Kg7 47. Rc7+ Kh6 48. c5 Kg5 49. Be4 f5 50. Bf3 h4 51. gxh4+ Kxh4 52. Rh7+ Kg5 53. c6 Kg6 54. Ra7 f4 55. c7 Kh6 56. c8Q Kg5 57. Qg4+ Kf6 58. Qg7+ Ke6 59. Ra6+ Kf5 60. Qf6# 1-0

[Event "EU-ch Online U16 Girls"]
[Site "Tornelo INT"]
[Date "2020.09.20"]
[Round "8"]
[White "Ioannides Liu, Alice"]
[Black "Kipluka, Anna Krista"]
[Result "0-1"]
[WhiteElo "1475"]
[BlackElo "1292"]
[PlyCount "106"]
[EventDate "2020.09.18"]
[EventType "swiss (rapid)"]
[EventRounds "9"]
[EventCountry "NET"]
[SourceTitle "EXT 2023"]
[Source "ChessBase"]
[SourceDate "2022.10.05"]
[SourceVersion "1"]
[SourceVersionDate "2022.10.05"]
[SourceQuality "1"]
[WhiteTeam "Zypern"]
[BlackTeam "Latvia"]
[WhiteTeamCountry "CYP"]
[BlackTeamCountry "LAT"]

1. d4 d5 2. Bf4 Nf6 3. e3 e6 4. Nf3 Bd6 5. Bg3 c5 6. c3 Qc7 7. Nbd2 Nbd7 8. Bd3 0-0 9. Qc2 c4 10. Be2 b5 11. a4 Bxg3 12. hxg3 Qa5 13. Ra3 b4 14. cxb4 Qxb4 15. Qc3 Qxc3 16. Rxc3 a5 17. b3 cxb3 18. Rxb3 Ba6 19. Nh2 Rfc8 20. Bxa6 Rxa6 21. Ke2 Nb6 22. Ra3 h6 23. f3 Rc2 24. Kd3 Rxd2+ 25. Kxd2 Nc4+ 26. Kd3 Nxa3 27. Ra1 Nc4 28. e4 Rb6 29. exd5 exd5 30. f4 Rb3+ 31. Kc2 Rxg3 32. Nf1 Rxg2+ 33. Kd3 Rb2 34. f5 Rb3+ 35. Kc2 Ra3 36. Rxa3 Nxa3+ 37. Kb3 Nc4 38. Ng3 h5 39. Nf1 g6 40. fxg6 fxg6 41. Kc3 g5 42. Kb3 Kg7 43. Kc2 Kg6 44. Kb3 Kf5 45. Kc2 h4 46. Kb3 g4 47. Kc3 Kf4 48. Kb3 g3 49. Nxg3 hxg3 50. Ka2 g2 51. Kb3 g1Q 52. Kc3 Ne4+ 53. Kc2 Qf2+ 0-1

[Event "EU-ch Online U16 Girls"]
[Site "Tornelo INT"]
[Date "2020.09.18"]
[Round "1"]
[White "Czarnecka, Lidia"]
[Black "Ioannides Liu, Alice"]
[Result "1-0"]
[WhiteElo "1898"]
[BlackElo "1475"]
[PlyCount "167"]
[EventDate "2020.09.18"]
[EventType "swiss (rapid)"]
[EventRounds "9"]
[EventCountry "NET"]
[SourceTitle "EXT 2023"]
[Source "ChessBase"]
[SourceDate "2022.10.05"]
[SourceVersion "1"]
[SourceVersionDate "2022.10.05"]
[SourceQuality "1"]
[WhiteTeam "Poland"]
[BlackTeam "Zypern"]
[WhiteTeamCountry "POL"]
[BlackTeamCountry "CYP"]

1. e4 e5 2. Nf3 Nc6 3. d4 exd4 4. Nxd4 Nxd4 5. Qxd4 c5 6. Qd1 d6 7. Nc3 Nf6 8. Be2 Be7 9. 0-0 0-0 10. Be3 Be6 11. Bf3 Qd7 12. Qd2 Ng4 13. Bxg4 Bxg4 14. f3 Be6 15. Rad1 Rad8 16. Nd5 Bxd5 17. Qxd5 b6 18. c4 Qe6 19. b3 Qxd5 20. Rxd5 Rd7 21. Rfd1 Rfd8 22. Bf4 h6 23. e5 g5 24. Bg3 h5 25. exd6 Bf6 26. Bf2 g4 27. fxg4 hxg4 28. Be3 Kf8 29. Kf2 Bh4+ 30. Kf1 Bf6 31. Bf4 Kg7 32. Re1 Bd4 33. Rg5+ Kf6 34. Rxg4 Kf5 35. h3 f6 36. Bg3 Be5 37. Bxe5 fxe5 38. Rh4 Kg5 39. g3 Kf6 40. Rh6+ Kg7 41. Re6 Rxd6 42. R6xe5 Rf6+ 43. Kg2 Rd2+ 44. R1e2 Rd3 45. R5e3 Rd7 46. Re7+ Rxe7 47. Rxe7+ Kg6 48. Rxa7 Rd6 49. Re7 Rd2+ 50. Kf3 Kf5 51. Re2 Rd3+ 52. Kf2 Rd4 53. Kg2 Rd3 54. h4 Kg4 55. Re4+ Kh5 56. Rf4 Kg6 57. Kh3 Kh5 58. Rf5+ Kg6 59. Rd5 Rf3 60. Rd6+ Rf6 61. Rxf6+ Kxf6 62. Kg4 Kg6 63. Kf4 Kf6 64. h5 Kg7 65. Kf5 Kf7 66. h6 Kg8 67. g4 Kh7 68. g5 Kh8 69. g6 Kg8 70. Ke5 Kh8 71. Kd6 Kg8 72. Kc6 Kh8 73. Kxb6 Kg8 74. Kxc5 Kh8 75. a4 Kg8 76. a5 Kf8 77. a6 Ke7 78. h7 Kf6 79. h8Q+ Kxg6 80. Qf8 Kg5 81. a7 Kg4 82. a8Q Kh3 83. Qg7 Kh2 84. Qah8# 1-0

[Event "Online Olym Div4 B"]
[Site "Chess.com INT"]
[Date "2020.08.02"]
[Round "7.5"]
[White "Ioannides Liu, Alice"]
[Black "Mahmoud, Roula"]
[Result "0-1"]
[WhiteElo "1287"]
[BlackElo "1771"]
[PlyCount "142"]
[EventDate "2020.07.31"]
[EventType "team-tourn (rapid)"]
[EventRounds "9"]
[EventCountry "USA"]
[SourceTitle "CBM 198"]
[Source "ChessBase"]
[SourceDate "2020.10.31"]
[SourceVersion "1"]
[SourceVersionDate "2020.10.31"]
[SourceQuality "1"]
[WhiteTeam "Cyprus"]
[BlackTeam "Syria"]
[WhiteTeamCountry "CYP"]
[BlackTeamCountry "SYR"]

1. e4 c5 2. Nf3 e6 3. d4 cxd4 4. Nxd4 a6 5. Be2 d6 6. 0-0 Nf6 7. Nc3 Be7 8. Be3 0-0 9. Qd2 h6 10. Rad1 Qc7 11. a3 Nbd7 12. b4 b5 13. a4 bxa4 14. Nxa4 Nxe4 15. Qd3 Bb7 16. f3 Nc3 17. Nxc3 Rac8 18. Bd2 Ne5 19. Qe3 Ng6 20. b5 e5 21. Nf5 Bg5 22. Qd3 Bxd2 23. Qxd2 Qxc3 24. Nxd6 Qc5+ 25. Kh1 Rc7 26. Nxb7 Rxb7 27. bxa6 Ra7 28. c3 Nf4 29. Ra1 Nxe2 30. Qxe2 Qxc3 31. Rfc1 Qd4 32. Rd1 Qf4 33. g3 Qf6 34. Kg2 Rb8 35. Rd5 e4 36. Ra2 exf3+ 37. Qxf3 Rb2+ 38. Rxb2 Qxb2+ 39. Qf2 Qxf2+ 40. Kxf2 Rxa6 41. h4 g6 42. Kf3 Kg7 43. Re5 Rf6+ 44. Ke4 Re6 45. Rxe6 fxe6 46. Ke5 Kf7 47. g4 g5 48. hxg5 hxg5 49. Ke4 Kf6 50. Kf3 Ke5 51. Ke3 Kd5 52. Kd3 e5 53. Ke3 e4 54. Ke2 Kd4 55. Kd2 e3+ 56. Ke2 Ke4 57. Ke1 Kf3 58. Kf1 Kxg4 59. Ke2 Kf4 60. Ke1 g4 61. Ke2 g3 62. Ke1 g2 63. Ke2 Ke4 64. Ke1 Kf3 65. Kd1 g1Q+ 66. Kc2 Qg5 67. Kd3 Qd5+ 68. Kc3 e2 69. Kb4 e1Q+ 70. Ka3 Qb1 71. Ka4 Qda2# 0-1

[Event "EU-ch U12 Girls 27th"]
[Site "Mamaia"]
[Date "2017.09.05"]
[Round "1"]
[White "Sovina, Maria"]
[Black "Ioannides Liu, Alice"]
[Result "1-0"]
[WhiteElo "1675"]
[BlackElo "1262"]
[PlyCount "49"]
[EventDate "2017.09.05"]
[EventType "swiss"]
[EventRounds "9"]
[EventCountry "ROU"]
[SourceTitle "CBM 180 Extra"]
[Source "ChessBase"]
[SourceDate "2017.10.06"]
[SourceVersion "1"]
[SourceVersionDate "2017.10.06"]
[SourceQuality "1"]

1. d4 f5 2. c4 Nf6 3. Nc3 e6 4. g3 Bb4 5. Bg2 0-0 6. a3 Bxc3+ 7. bxc3 c6 8. Qc2 d5 9. Nf3 dxc4 10. Ne5 c5 11. dxc5 Qc7 12. Nxc4 Qxc5 13. Qb3 Nc6 14. Bf4 Na5 15. Nxa5 Qxa5 16. 0-0 Nd5 17. Be5 Ne3 18. Bxg7 Nxf1 19. Bxf8 Nxg3 20. hxg3 Kxf8 21. Rd1 Ke8 22. Bxb7 Bxb7 23. Qxe6+ Kf8 24. Rd7 Bd5 25. Qe7+ 1-0